000 00598nam a2200217Ia 4500
003 OSt
005 20220928144917.0
006 a|||||r|||| 00| 0
007 ta
008 220927b |||||||| |||| 00| 0 eng d
024 _a76934
037 _cTextual
040 _aSDCL
_cSDCL
_beng
041 _2eng
_aeng
082 _aX9:8.73'N9, N6
100 _aChanler Alfred D
_9510355
245 0 _aManagement past and present
_b A casebook on the history of American business.
260 _c1996
942 _hX9:8.73'N9, N6
_cTEXL
_2CC
999 _c830450
_d830450